00540 2200181 4500001002100000005001500021035002000036007000300056008004100059082000800100084001400108100001700122245009100139260006900230300003800299650001200337600000900349INLIS00000000000025520231115091451 a0010-1123000038ta231115 g 0 ind  a633 a633 ISM d0 aIsmunadji, M1 aDiagnosis Status Hara Nitrogen Kedelai dan Padi Berdasarkan Warna Daun /cIsmunadji, M aBogor :bPusat Penelitian dan Pengembangan Tanaman Pangan,c1985 a10 hlm, :bilus, ;c15 cm x 23 cm 4aKedelai 4aPadi